[Event "URS-ch53"]
[Site "Kiev"]
[Date "1986.??.??"]
[Round "?"]
[White "Balashov, Yuri S"]
[Black "Malaniuk, Vladimir P"]
[Result "1/2-1/2"]
[WhiteElo "2515"]
[BlackElo "2495"]

1.d4 f5 2.Nf3 g6 3.g3 Bg7 4.Bg2 Nf6 5.O-O O-O 6.c4 d6 7.Nc3 Qe8 8.Nd5 Nxd5
9.cxd5 Qb5 10.Ne1 Na6 11.e3 Bd7 12.Nd3 c5 13.dxc6 Bxc6 14.Bxc6 bxc6 15.Qb3+ Rf7
16.Qxb5 cxb5 17.Bd2 e5 18.Bc3 b4 19.Nxb4 Nxb4 20.Bxb4 exd4 21.exd4 Bxd4 22.Rad1 Bxb2
23.Rxd6 Rb8 24.Bc5 Rb5 25.Bd4 Bxd4 26.Rxd4 Kg7 27.Rfd1 Re7 28.Rd7 Rb7 29.Rxe7+ Rxe7  1/2-1/2